000 01216cam a2200361 i 4500
001 66552
003 Mx-PuUPA
005 20250225143131.0
008 161129s2003 sp a gr 000 0 spa d
017 _aM.31.561-2003
020 _a8496249050
040 _aMx-PuUPA
_bspa
_cMx-PuUPA
_dMx-PuUPA
_erda
041 0 _aspa
100 1 _913483
_aGarcía Guatas, Manuel,
_eautor
245 1 0 _aEl siglo XIX /
_cManuel García Guatas y Pedro Navascués Palacio
246 1 3 _aEl arte :
_bEl siglo XIX.
250 _aPrimera edición
264 _aLas Rozas (Madrid) :
_bPromolibro,
_c2003
300 _a132 páginas :
_bilustraciones ;
_c30 cm
336 _atexto
_2rdacontent
_btxt
337 _asin medio
_2rdamedia
_bn
338 _avolumen
_2rdacarrier
_bnc
490 0 _aColección Arte
650 7 _2armarc
_aArte
_xHistoria
_ySiglo XX
650 7 _2armarc
_aArte moderno
_y1800-1899
650 7 _2armarc
_aArte
_xHistoria moderna
_ySiglo XIX
700 1 _aNavascués Palacio, Pedro,
_eautor
_912083
942 _2ddc
_cLI
_h709.034
_iG212
999 _c66552
_d66552